000 01136naa a22003137a 4500
001 BR8804197
003 BR-BrBNA
005 20240918180234.0
007 ta
008 230509b bl.||||| |||| 00| 0 por d
040 _aBR-BrBNA
_bpor
_cBiblioteca Nacional de Agricultura
041 _a(Pt)
072 _aF06
_b/G514
_bGZ12
090 _aF06 BR8804197
100 1 _aPereira, F.F. de A.
100 1 _aCarvalho, J.M. de
100 1 _aPereira, Y.L.A. de A.
111 1 _a1. Congresso de Irrigacao e Drenagem
_cTeresina, PI (Brazil)
_d2-4 Jun 1982
245 1 _aA funcao dos projetos publicos de irrigacao no desenvolvimento do nordeste semi-arido
260 3 _aTeresina, PI (Brasil):
_c1982.
500 _aAnais do 1. Congresso de Irrigacao e Drenagem Teresina, PI (Brasil): 1982. p. 163-172 (BR8804197-AM)F06
650 _aPROJETO DE DESENVOLVIMENTO
650 _aIRRIGACAO
650 _aREGIAO NORDESTE
650 _aREGIAO SEMI-ARIDA
773 0 _tAnais do 1. Congresso de Irrigacao e Drenagem
_wF06 BR8804197
_gTeresina, PI (Brasil), 1982. p. 163-172
909 _a202404
_bLucia
_c55
_dLucia Elande
942 _cAM
_2AGRIS
999 _c319460
_d319460